000
00342cam a2200145ua 4500
003
OSt
008
221107b |||||||| |||| 00| 0 eng d
041
_a
eng
082
_a
338.9
_b
MIN/PL
245
_a
Plan implementation
250
_a
1 /
260
_a
Faridhabad :
_b
Government of India press ,
_c
1964.
300
_a
139 ; .
942
_c
BK
999
_c
11414
_d
11414